ბათუმის შოთა რუსთაველის სახელმწიფო უნივერსიტეტის ბიბლიოთეკა

ინვესტიციები და პროექტის მართვა : (ბიბ.ჩანაწერი № 64064)

000 -ლიდერი
ფიქსირებული სიგრძის საკონტროლო ველი 01244nam a22002297a 4500
003 - საკონტროლო ნომრის იდენტიფიკატორი
საკონტროლო ველი Ge_BSU
005 - ბოლო ოპერაციის თარიღი და დრო
საკონტროლო ველი 20260319105743.0
008 - ფიქსირებული სიგრძის მონაცემთა ელემენტები - ზოგადი ინფორმაცია
ფიქსირებული სიგრძის საკონტროლო ველი 260319s2011 ge ||||| |||| 00| 0 geo d
020 ## - წიგნის საერთაშორისო სტანდარტული ნომერი
International Standard Book Number 9789941103063
041 ## - ენის კოდი
Language code of text/sound track or separate title geo
080 ## - უნივერსალური ათობითი კლასიფიკაციის ინდექსი
Universal Decimal Classification number 330.322(075.8) კ-17
100 ## - მთავარი ჩანაწერი - პიროვნების სახელი
Personal name კაკაბაძე, ვაჟა
9 (RLIN) 855
245 ## - ცნობა სათაურის შესახებ
Title ინვესტიციები და პროექტის მართვა :
Remainder of title [სახელმძღვანელო] /
Statement of responsibility, etc ვაჟა კაკაბაძე; სამეცნიერო რედაქტორი გიორგი დოღონაძე; სასწავლო უნივერსიტეტი "მიმი".
264 ## - წარმოების, გამოცემის, დისტრიბუციის და სხვა ცნობები
გამოცემის, წარმოების, დისტრიბუციის... ადგილი თბილისი :
გამოცემის, წარმოების, დისტრიბუციის... სახელწოდება მერიდიანი,
გამოცემის, წარმოების, დისტრიბუციის... თარიღი 2011.
300 ## - ფიზიკური აღწერა
Extent 376 გვ. :
Other physical details ილ. ;
Dimensions 29 სმ.
504 ## - BIBLIOGRAPHY, ETC. NOTE
Bibliography, etc ბიბლიოგრ.: გვ. 373-375.
653 ## - INDEX TERM--UNCONTROLLED
Uncontrolled term ინვესტიციები
653 ## - INDEX TERM--UNCONTROLLED
Uncontrolled term პროექტის მართვა
700 ## - ADDED ENTRY--PERSONAL NAME
Personal name დოღონაძე, გიორგი
Relator term სამეცნ. რედაქტორი
9 (RLIN) 27161
710 ## - ADDED ENTRY--CORPORATE NAME
Corporate name or jurisdiction name as entry element სასწავლო უნივერსიტეტი "მიმი".
9 (RLIN) 27162
942 ## - ADDED ENTRY ELEMENTS (KOHA)
Source of classification or shelving scheme
Koha item type წიგნი
ეგზემპლარები
ჩამოწერის სტატუსი დაკარგული ეგზემპლარის სტატუსი კლასიფიკაციის წყარო ან თაროზე გაწყობის სქემა დაზიანების სტატუსი არ გაიცემა მუდმივი მდებარეობა (დაცვის ადგილი) ამჟამინდელი ადგილსამყოფელი თაროზე განთავსების ადგილი შეძენის თარიღი ღირებულება, შესყიდვის ნორმალური ფასი სრული შენახვის შიფრი შტრიხკოდი ბოლო ოპერაციის თარიღი ეგზემპლარის მიმდევრობითი ნომერი (კეტერი?) ფასის ძალაში შესვლის თარიღი ეგზემპლარის სახეობა საჯარო შენიშვნა
          ბათუმის შოთა რუსთაველის სახელმწიფო უნივერსიტეტის მთავარი ბიბლიოთეკა ბათუმის შოთა რუსთაველის სახელმწიფო უნივერსიტეტის მთავარი ბიბლიოთეკა წიგნსაცავი 2026-03-19 25.00 330.322(075.8) კ-17 73984 2026-03-19 73984 2026-03-19 წიგნი 25 ლ.